UM Logo

Effectiveness of BPAT in Brgy. San Jose/ (Record no. 14730)

MARC details
000 -LEADER
fixed length control field 00591nam a22001697a 4500
008 - FIXED-LENGTH DATA ELEMENTS--GENERAL INFORMATION
fixed length control field 191121b ||||| |||| 00| 0 eng d
082 ## - DEWEY DECIMAL CLASSIFICATION NUMBER
Edition number 2019
Classification number UT 1358
Item number F11
100 ## - MAIN ENTRY--PERSONAL NAME
Personal name Fabrigar, Louie
9 (RLIN) 40663
245 ## - TITLE STATEMENT
Title Effectiveness of BPAT in Brgy. San Jose/
Statement of responsibility, etc. Louie Fabrigar, Jestoni Daya and Dioscoro Quilisadio
260 ## - PUBLICATION, DISTRIBUTION, ETC. (IMPRINT)
Place of publication, distribution, etc. Digos CIty
Name of publisher, distributor, etc. UMDC
Date of publication, distribution, etc. September 2019
300 ## - PHYSICAL DESCRIPTION
Extent 57 pages
Dimensions 30cm
650 ## - SUBJECT ADDED ENTRY--TOPICAL TERM
Topical term or geographic name as entry element Criminology
Form subdivision Criminology
General subdivision Undergraduate Thesis
9 (RLIN) 40664
700 ## - ADDED ENTRY--PERSONAL NAME
Personal name Fabrigar, Louie
9 (RLIN) 40663
700 ## - ADDED ENTRY--PERSONAL NAME
Personal name Daya, Jestoni
9 (RLIN) 40665
700 ## - ADDED ENTRY--PERSONAL NAME
Personal name Quilisadio, Dioscoro
9 (RLIN) 40666
942 ## - ADDED ENTRY ELEMENTS (KOHA)
Source of classification or shelving scheme Dewey Decimal Classification
Koha item type Undergraduate Thesis
Holdings
Withdrawn status Lost status Source of classification or shelving scheme Damaged status Not for loan Collection code Home library Current library Date acquired Total Checkouts Full call number Barcode Date last seen Price effective from Koha item type
    Dewey Decimal Classification     Undergraduate Theses UM Digos College - LIC UM Digos College - LIC 11/07/2019   UT 1358 F11 2019 UT 1358 11/21/2019 11/21/2019 Undergraduate Thesis